Tablice rejestracyjne woj. podlaskie - Statystyki

Ogólne statystyki
  • Ten quiz został rozwiązany 80 razy
  • Średni wynik to 9 z 17
Statystyki odpowiedzi
% Poprawnych
BI Białystok
98%
BS Suwałki
88%
BL Łomża
87%
BAU powiat augustowski
52%
BIA powiat białostocki
52%
BHA powiat hajnowski
50%
BZA powiat zambrowski
50%
BGR powiat grajewski
48%
BSU powiat suwalski
48%
BLM powiat łomżyński
46%
BBI powiat bielski
44%
BSI powiat siemiatycki
42%
BWM powiat wysokomazowiecki
42%
BSK powiat sokólski
40%
BMN powiat moniecki
38%
BSE powiat sejneński
38%
BKL powiat kolneński
29%
Nie znaleziono quizów pasujących do podanych kryteriów
Rozkład punktacji
Procent ludzi z każdym wynikiem
Percentyl według liczby udzielonych odpowiedzi
Twoja historia wyników
Nie rozwiązałeś tego quizu